| 000 | 02217nam2a2200325 4500 | ||
|---|---|---|---|
| 001 | rc\2967898 | ||
| 005 | 20260315071558.0 | ||
| 035 | _a(NLR Aleph) 007214937 | ||
| 090 |
_a13631649 _c13631649 |
||
| 100 | _a20080228d1935 u y0rusy50 ca | ||
| 101 | 1 | _arus | |
| 102 | _aRU | ||
| 105 | _aac z ||||| | ||
| 200 | 1 |
_aПисьма _hЧ. 1 _i(1816-1842) _fПод общ. ред. Н.Я. Берковского, М.А. Лифшица и И.К. Луппола _gПер. Е.М. Закс _gРед. и комментарии Евг. Книпович |
|
| 210 |
_aМосква _aЛенинград _cAcademia _d1935 _eЛенинград _gТип. "Печатный двор" _gтип. им. Лоханкова |
||
| 215 |
_aСупер-обл., переплет, IX, 533 с., с заставками, 8 вкл. л. ил., портр. _cил., портр. _d20х14 см |
||
| 300 | _aСупер-обл., переплет, фронтиспис, виньетки на тит. л. и заставки: Л.С. Хижинский | ||
| 461 | 0 |
_1001rc\2967894 _12001#$aПолное собрание сочинений$eВ 12 томах. Т. 1-$fПод общей ред. Н.Я. Берковского и И.К. Луппола$vТ. 11 _1700#1$aГейне$bГ.$gГенрих$f1797-1856 _97679923 _aГейне, Г. (1797-1856) _cМосква _d1938 _fПод общей ред. Н.Я. Берковского и И.К. Луппола _nГослитиздат _oВ 12 томах. Т. 1- _tПолное собрание сочинений _vТ. 11 |
|
| 702 | 1 |
_aБерковский _bН.Я. _f1901-1972 _gНаум Яковлевич _4340 |
|
| 702 | 1 |
_aЛифшиц _bМ.А. _4340 |
|
| 702 | 1 |
_4340 _7ca _8rus _aЛуппол _bИ. К. _cд-р филос. наук _f1896-1943 _gИван Капитонович _9208112 _3RU\NLR\AUTH\770208165 |
|
| 702 | 1 |
_aЗакс _bЕ.М. _4730 |
|
| 702 | 1 |
_aКнипович _bЕ.Ф. _gЕвгения Федоровна _4340 |
|
| 702 | 1 |
_4570 _7ca _8rus _aХижинский _bЛ. С. _cхудожник _f1896-1972 _gЛеонид Семёнович _9232076 _3RU\NLR\AUTH\770232132 |
|
| 801 | 0 |
_aRU _bNLR _gpsbo |
|
| 801 | 1 |
_aRU _bELAR _2rusmarc |
|
| 852 |
_aNLR _bЛ _j60 В-3/208 |
||
| 852 |
_aNLR _j35-17/13(11) |
||
| 942 | _cUNSPEC | ||
| 980 | _aNB | ||